[Event "Quebec op"]
[Site "Laval"]
[Date "2022.09.04"]
[Round "5"]
[White "Latreille, Etienne"]
[Black "Zhong, Kevin"]
[Result "1-0"]
[WhiteElo "1680"]
[BlackElo "2143"]
[PlyCount "75"]
[EventDate "2022.09.01"]
[EventType "swiss"]
[EventRounds "9"]
[EventCountry "CAN"]
[SourceTitle "CBM 210 Extra"]
[Source "ChessBase"]
[SourceDate "2022.11.30"]
[SourceVersion "1"]
[SourceVersionDate "2022.11.30"]
[SourceQuality "1"]

1. e4 c5 2. Nf3 Nc6 3. Bb5 e6 4. 0-0 Nge7 5. d4 cxd4 6. Nxd4 Qb6 7. Nxc6 bxc6 8. Bd3 Ng6 9. c4 Bc5 10. Nc3 Qc7 11. Kh1 e5 12. Rb1 a5 13. Na4 Bd4 14. c5 Rb8 15. Be3 d6 16. Bxd4 exd4 17. a3 0-0 18. Qd2 Be6 19. b4 axb4 20. axb4 Rbd8 21. f4 f5 22. cxd6 Qxd6 23. Nc5 fxe4 24. Bxe4 Bc8 25. g3 Ne7 26. Rb3 Nf5 27. Rd3 Ne3 28. Rc1 Bf5 29. Bxf5 Nxf5 30. Kg1 Rde8 31. Ra1 Qh6 32. Re1 Qh5 33. Ne6 Rf6 34. Nxd4 Rxe1+ 35. Qxe1 Rh6 36. h4 Rd6 37. Nxf5 Rxd3 38. Qe6+ 1-0

[Event "Ottawa RA Fall op"]
[Site "Ottawa"]
[Date "2018.09.16"]
[Round "4"]
[White "Latreille, Etienne"]
[Black "Gordon, David"]
[Result "0-1"]
[WhiteElo "1855"]
[BlackElo "2254"]
[PlyCount "48"]
[EventDate "2018.09.14"]
[EventType "swiss"]
[EventRounds "5"]
[EventCountry "CAN"]
[SourceTitle "EXT 2022"]
[Source "ChessBase"]
[SourceDate "2021.10.06"]
[SourceVersion "1"]
[SourceVersionDate "2021.10.06"]
[SourceQuality "1"]

1. d4 Nf6 2. c4 c5 3. e3 e6 4. Nf3 d5 5. Nc3 a6 6. dxc5 Bxc5 7. cxd5 exd5 8. Be2 0-0 9. 0-0 Nc6 10. a3 Re8 11. b4 Ba7 12. Ra2 Qc7 13. Rc2 Bf5 14. Bd3 Be4 15. Bb2 Rad8 16. Ne2 Ng4 17. Ng3 Nxe3 18. fxe3 Bxd3 19. Rxc6 Qxc6 20. Re1 Rxe3 21. Rxe3 Bxe3+ 22. Kh1 Qc2 23. Qxc2 Bxc2 24. Bd4 Re8 0-1

[Event "Outaouais op U1500"]
[Site "Gatineau"]
[Date "2015.06.06"]
[Round "3"]
[White "Latreille, Etienne"]
[Black "Urquilla, Menotty"]
[Result "1/2-1/2"]
[WhiteElo "1459"]
[BlackElo "1381"]
[PlyCount "35"]
[EventDate "2015.06.05"]
[EventType "swiss"]
[EventRounds "5"]
[EventCountry "CAN"]
[SourceTitle "EXT 2019"]
[Source "ChessBase"]
[SourceDate "2018.10.10"]
[SourceVersion "1"]
[SourceVersionDate "2018.10.10"]
[SourceQuality "1"]

1. d4 Nf6 2. g3 e6 3. Bg2 c5 4. Nf3 Nc6 5. c3 d5 6. Bf4 Be7 7. 0-0 0-0 8. Nbd2 cxd4 9. cxd4 Bd7 10. a3 Qb6 11. Nb3 Nd8 12. Qd3 Bb5 13. Qc2 Ba4 14. Bd2 Nc6 15. Qd3 Rac8 16. Rab1 h6 17. Rfc1 g5 18. Be3 1/2-1/2

[Event "Gatineau Outaouais op U1500"]
[Site "Gatineau"]
[Date "2014.06.08"]
[Round "5"]
[White "Wang, Kyle"]
[Black "Latreille, Etienne"]
[Result "1-0"]
[WhiteElo "1356"]
[BlackElo "1391"]
[PlyCount "91"]
[EventDate "2014.06.06"]
[EventType "swiss"]
[EventRounds "5"]
[EventCountry "CAN"]
[SourceTitle "EXT 2022"]
[Source "ChessBase"]
[SourceDate "2021.10.06"]
[SourceVersion "1"]
[SourceVersionDate "2021.10.06"]
[SourceQuality "1"]

1. e4 c5 2. Bc4 e6 3. Nc3 Nc6 4. Nf3 Nge7 5. a3 d5 6. exd5 Nxd5 7. Bxd5 exd5 8. d3 h6 9. h3 Be7 10. Bd2 Be6 11. Qe2 Bf6 12. 0-0 0-0 13. Bf4 Re8 14. Qd2 g5 15. Bh2 a6 16. Rfe1 Qd7 17. Rab1 Bg7 18. Ne5 Qc8 19. f4 Bxe5 20. fxe5 Nd4 21. Ne2 Nf5 22. Ng3 Nh4 23. Nh5 Re7 24. Qf2 d4 25. Qf6 Qf8 26. Rf1 Nf5 27. g4 Ne3 28. Rfc1 Bd5 29. Qf2 Re6 30. Nf6+ Kh8 31. Nxd5 Nxd5 32. c3 Ne3 33. b4 b6 34. bxc5 bxc5 35. Rb7 Re7 36. Qf6+ Kg8 37. Qxe7 Qg7 38. e6 Rf8 39. Bd6 Nd5 40. Qxf8+ Qxf8 41. Bxf8 Kxf8 42. exf7 dxc3 43. Re1 Nf6 44. Rf1 Nh7 45. Rb8+ Kg7 46. Rg8# 1-0

[Event "Outaouais-ch Reserve"]
[Site "Gatineau"]
[Date "2013.05.14"]
[Round "5"]
[White "Latreille, Etienne"]
[Black "Arsenault, Yves"]
[Result "1-0"]
[WhiteElo "1365"]
[BlackElo "1565"]
[PlyCount "61"]
[EventDate "2013.04.16"]
[EventType "swiss"]
[EventRounds "6"]
[EventCountry "CAN"]
[SourceTitle "EXT 2022"]
[Source "ChessBase"]
[SourceDate "2021.10.06"]
[SourceVersion "1"]
[SourceVersionDate "2021.10.06"]
[SourceQuality "1"]

1. e4 c5 2. Nf3 Nc6 3. d4 cxd4 4. Nxd4 Nf6 5. Nc3 a6 6. Nxc6 bxc6 7. e5 Ng8 8. Qf3 e6 9. Ne4 Qc7 10. Bf4 Bb7 11. Nd6+ Bxd6 12. exd6 Qb6 13. Qc3 Nf6 14. Be3 Qd8 15. Bd3 0-0 16. 0-0 Nd5 17. Qd4 Nxe3 18. fxe3 f5 19. Qc4 Qg5 20. Rae1 Kh8 21. Rf3 e5 22. Rg3 Qf6 23. Rf3 g6 24. e4 Qxd6 25. exf5 c5 26. Rf2 g5 27. Qg4 h6 28. f6 Rxf6 29. Rxf6 Qxf6 30. Qxd7 Bc6 31. Qh7# 1-0